Normal view
MARC view
- TCC-19
Entry Geographic Name
001 - CONTROL NUMBER
- control field: 106901
003 - CONTROL NUMBER IDENTIFIER
- control field: NUST
005 - DATE AND TIME OF LATEST TRANSACTION
- control field: 20230116150126.0
008 - FIXED-LENGTH DATA ELEMENTS
- fixed length control field: 230116|| aca||aabn | a|a d
040 ## - CATALOGING SOURCE
- Original cataloging agency: NUST
- Transcribing agency: NUST
151 ## - HEADING--GEOGRAPHIC NAME
- Geographic name: TCC-19
670 ## - SOURCE DATA FOUND
- Source citation: Work cat.: (NUST)188991: Haq, Hina Binte (TCC-19 ) 106900, Real time camera based automatic classroom attendance and reporting system, August 2011
